LEADER 00820nam0 2200277 i 450 001 996277550003316 005 20181217113430.0 010 $a978-88-13-36847-0 100 $a20181024d2018----||||0itac50 ba 101 $aeng 102 $aIT 200 1 $aFundamentals of European banking law$fMatteo De Poli 210 $aMilano$cWolters Kluwer$a[Padova]$cCEDAM$d2018 215 $aXVI, 274 p.$d24 cm 225 $aCEDAM legal studies 410 0$12001$aCEDAM legal studies 606 0 $aBanche$xDiritto comunitario$2BNCF 676 $a346.24082 700 1$aDE POLI ,$bMatteo$0475361 801 0$aIT$bsalbc$gISBD 912 $a996277550003316 951 $aXXIII.4.K. 1153$b88925 G.$cXXIII.4.K.$d425570 959 $aBK 969 $aGIU 996 $aFundamentals of European banking law$91541005 997 $aUNISA LEADER 01536nam0 2200265 450 001 000034829 005 20221121091810.0 100 $a20221110d1841----km-y0itay50------ba 101 0 $aita 102 $aIT 105 $ay-------001yy 200 1 $aAnnali delle Due Sicilie$edall'origine e fondazione della monarchia fino a tutto il regno dell'augusto sovrano Carlo III - volume primo$fMatteo Camera 210 $aNapoli$gStamperia e cartiere del Fibreno$d1841 215 $aXLIII, 368 p.$d26 cm 316 $aLegatura in quarto di pelle su piatti di cartone rigido ricoperti di c. dec; dorso con Tit. e filetti impressi in oro; ivi, inoltre, etichette con antiche segnature$5UNIPARTHENOPE 317 $aSulla controguardia ant. antiche segnature mss.: 9-I [n.i.] II S II 15 [n.i.] Clas X 556 Ingres 3882 del Registro inventario della Regia Marina Biblioteca dipartimentale di Napoli; sul front. Timbro B della Reale Biblioteca di Marina; a pag. V, 356 e 368 Timbro A della Reale Biblioteca di Marina$5UNIPARTHENOPE 327 1 $aDigitalizzazione della copia, disponibile presso la Biblioteca Nazionale Vittorio Emanuele III di Napoli, a cura di Google$uhttps://books.google.it/books?vid=IBNN:BNVA1001525826&redir_esc=y 410 0$12001 700 1$aCamera,$bMatteo$036182 712 02$aDue Sicilie: Ministero della guerra e della marina$4390 801 0$aIT$bUNIPARTHENOPE$c20221110$gREICAT$2UNIMARC 912 $a000034829 951 $aBORB-O/80$b3882$cFB$d2022 996 $aAnnali delle Due Sicilie$9155749 997 $aUNIPARTHENOPE